| 000 | 00563nam a22001817a 4500 | ||
|---|---|---|---|
| 003 | dpl | ||
| 005 | 20180729110644.0 | ||
| 008 | 180729b xxu||||| |||| 00| 0 eng d | ||
| 020 |
_a818296454 _c420.00 |
||
| 040 |
_aDPL _bEN _c0 |
||
| 082 | _a300.72 | ||
| 100 | _aHenn, Matt | ||
| 245 |
_aA short Introduction to Social Research/ _cby Matt Henn, Mark Weinstein [and] Nick Foard |
||
| 260 |
_aNew Delhi _bVistaar Publications _c2006 |
||
| 300 |
_ax,285p; _c22cm.(pbk) |
||
| 500 | _aincludes index, bibliography | ||
| 942 |
_2ddc _cEN _h300.72 _mHEN |
||
| 999 |
_c155086 _d155086 |
||